Estatísticas para Quiz do Mapa da África

Clique aqui para jogar o quiz

Estatísticas Gerais

  • Esse quiz foi jogado 10 215 vezes
  • A pontuação média é 32 de 54

Respostas no mapa

Respostas codificadas por cores de uma escala verde-vermelha no mapa do quiz de acordo com a % correta abaixo.
Carregando ...
 

Estatísticas das Respostas

Resposta% Correto
Egito
90%
Marrocos
89%
África do Sul
87%
Argélia
84%
Madagascar
84%
Tunísia
79%
Líbia
77%
Sudão
75%
Somália
74%
Angola
73%
Sudão do Sul
70%
Moçambique
70%
República Centro-Africana
69%
Etiópia
68%
República Democrática do Congo
68%
Cabo Verde
67%
Lesoto
67%
Chade
67%
Eritreia
65%
Namíbia
63%
Djibouti
62%
Essuatíni
61%
São Tome & Príncipe
61%
Níger
61%
Quênia
59%
Nigéria
59%
Tanzânia
58%
Botswana
58%
Mauritânia
56%
Ruanda
55%
Mali
54%
Seychelles
54%
Zimbábue
53%
Maurício
53%
Malawi
53%
Costa do Marfim
52%
República do Congo
52%
Senegal
52%
Camarões
52%
Togo
52%
Guiné Equatorial
51%
Uganda
51%
Burkina Faso
49%
Zâmbia
49%
Burundi
48%
Serra Leoa
46%
Comores
46%
Gana
45%
Benim
44%
Gabão
44%
Gâmbia
42%
Libéria
41%
Guiné-Bissau
41%
Guiné
41%

Distribuição das Pontuações

Percentil de Números Respondidos

Porcentagem de Pessoas com Cada Pontuação

Sua Pontuação Histórica

Você não jogou esse quiz